00370nam a2200121Ia 4500003000400000005001700004008004100021040001800062041000800080100004700088245008100135260003200216OSt20260226112529.0211028s2019 xx 000 0 und d cAIMIT LIBRARY aeng aBillava, Pooja N; Pereira, Divya.g1716135 aStudy on employee motivation at trovech infotech Pvt. Ltd Uppunda Kundapur / aMangalorebVasantha Gc2019